000 00307 a2200109 4500
001 ART_41777
005 20260410161814.0
008 260409a
245 1 0 _aEl lenguaje y sus funciones
100 1 _aPezzetta, Silvina
773 0 _tAcademia
_g- Año 14, Nº 27 (ene./jun. 2016)
_wREV4314
999 _c21696
_d21696